Student workbook for Anatomy, Philosophy and disease: An interactive journey for health professions Viginia college (Record no. 3825)

MARC details
000 -LEADER
fixed length control field 00419nam a22001217a 4500
008 - FIXED-LENGTH DATA ELEMENTS--GENERAL INFORMATION
fixed length control field 250605b |||||||| |||| 00| 0 eng d
020 ## - INTERNATIONAL STANDARD BOOK NUMBER
ISBN 1269777211
245 ## - TITLE STATEMENT
Title Student workbook for Anatomy, Philosophy and disease: An interactive journey for health professions Viginia college
260 ## - PUBLICATION, DISTRIBUTION, ETC. (IMPRINT)
Place of publication Boston
Name of publisher Pearson learning solutions
Date of publication 2015
650 ## - TRACINGS
Main Subject Human anatomy
Subdivision (1st) Philosophy
942 ## - ADDED ENTRY ELEMENTS (KOHA)
Item type Books
050 ## - LIBRARY OF CONGRESS CALL NUMBER
Classification number QP 33.5
Item number .S 78
Holdings
Source of classification or shelving scheme Not for loan Permanent location Current location Date acquired Accession No. Full call number Barcode. Koha item type
Library of Congress Classification   Samuel Ogbemudia Main Library, University of Abuja Samuel Ogbemudia Main Library, University of Abuja 06/05/2025 2018/3302 QP 33.5 .S 78 2025-2455 Books